000 00409cam a2200169ua 4500
020 _c2.00
041 _amal
_h
082 _a894.812308
_bVIS/SW
100 _aVishnu, Prabhakar .
245 _aSwapnamayi /
_cVishnu prabhakar.
_hTextual Documents
260 _aErnakulam :
_bParishath book stall ,
_c1960.
300 _a168 ; .
365 _a2.00
504 _a
942 _cBK
999 _c913
_d913